Footballer by Pictures #8 Coaches - Statistics

General Stats
  • This quiz has been taken 196 times
  • The average score is 12 of 16
Answer Stats
Picture Answer % Correct
Zinédine Yazid Zidane
99%
Josep „Pep“ Guardiola Sala
98%
Jürgen Norbert Klopp
98%
Carlo Ancelotti
95%
José Mário dos Santos Félix Mourinho
95%
Mikel Arteta Amatriain
93%
Sir Alexander Chapman „Alex“ Ferguson
93%
Xavier Hernández i Creus
93%
Arsène Wenger
91%
Luis Enrique
88%
Filippo „Pippo“ Inzaghi
75%
Julian Nagelsmann
60%
Massimiliano „Max“ Allegri
53%
Maurizio Sarri
52%
Edin Terzić
28%
Oliver Glasner
27%
No matching quizzes found
Score Distribution
Percent of People with Each Score
Percentile by Number Answered
Your Score History
You have not taken this quiz